Propagación de plantas : principios y prácticas [fotocopias] /

Guardado en:
Autor Principal: Hartmann, Hudson T.
Otros Autores: Kester, Dale E.
Formato: Libro
Publicado: México : Continental, 1980
Materias:
Etiquetas: Agregar Etiqueta
Sin Etiquetas, Sea el primero en etiquetar este registro!
LEADER 01640nam a22001935a 4500
001 CEM.cems017995
005 20130422104120.0
008 130507s1980##################000#0#####d
003 CEMS
020 |a 9682601568 
082 0 4 |a 581 
100 1 |a Hartmann, Hudson T. 
245 1 0 |a Propagación de plantas :  |b principios y prácticas [fotocopias] /  |c Hudson T. Hartmann y Dale E. Kester 
260 |a México :  |b Continental,  |c 1980 
300 |a 812 p. 
505 0 |a Aspectos generales de la propagación -- Introducción -- Locales y medios para propagación, fertilizantes, mezclas de suelos y recipientes -- Propagación sexual -- El desarrollo de frutos, semillas y esporas -- Producción de semilla geneéticamente pura -- Técnicas para la producción y manejo de semillas -- Principios de la propagación por semillas -- Propagación asexual -- Aspectos generales de la propagación asexual -- Bases anatómicas y fisiológicas de la propagación por estacas -- Técnicas de la propagación por estacas -- Aspectos teóricosdel injerto -- Técnicas del injerto -- Técnicas para el injerto de yema -- Acodado -- Propagación por medio de tallos y raíces especializados -- Métodos asépticos de micropropagación -- Propagación de plantas selectas -- Métodos de propagación y patrones para las especies de frutas y nueces importantes -- Propagación de algunos arboles, arbustos y enredaderas leñosas ornamientales -- Propagación de plantas selectas anuales y herbáceas perennes, usadas como ornamentales 
653 |a Propagación de plantas 
700 1 |a Kester, Dale E. 
859 |a CEMS  |b BIB. CEMS - Agricultura  |h 581  |i H251-1  |p A1838.13  |t Ej.1